000 00304nam a22001337a 4500
008 171027b xxu||||| |||| 00| 0 eng d
020 _a639785307228
041 _aeng
080 _23 ED
_a336
100 _a56
101 _aFIN
245 _aMANAGING FINANCIAL RISK
_cSMITHSON.CH.W
942 _2udc
_cBK
999 _c36175
_d36175